[Event "Foment Martinenc op-B 23rd"]
[Site "Barcelona"]
[Date "2023.06.03"]
[Round "7"]
[White "Mendez Garcia, Juan Ignacio"]
[Black "Vardanyan Asilbekyan, Ani"]
[Result "0-1"]
[WhiteElo "1659"]
[BlackElo "1488"]
[PlyCount "64"]
[EventDate "2023.04.22"]
[EventType "swiss"]
[EventRounds "9"]
[EventCountry "ESP"]
[SourceTitle "EXT 2024"]
[Source "ChessBase"]
[SourceDate "2023.10.10"]
[SourceVersion "1"]
[SourceVersionDate "2023.10.10"]
[SourceQuality "1"]

1. d4 Nf6 2. Nf3 g6 3. Bf4 Bg7 4. h3 0-0 5. e3 d6 6. Be2 Nbd7 7. 0-0 c5 8. c3 a6 9. Nbd2 b5 10. a3 c4 11. e4 Bb7 12. e5 Nd5 13. Bh2 dxe5 14. Nxe5 Nxe5 15. Bxe5 Bxe5 16. dxe5 Nf4 17. Nf3 Qxd1 18. Bxd1 Nd3 19. Rb1 Rad8 20. e6 f5 21. Nd4 Rd6 22. b3 cxb3 23. Bxb3 Rc8 24. Ne2 Nc5 25. Nd4 Nxb3 26. Rxb3 Bd5 27. Rb2 Rxc3 28. a4 Rc4 29. Rd1 Rxa4 30. Rbd2 Bxe6 31. Re1 Kf7 32. Red1 b4 0-1

[Event "Foment Martinenc op-B 23rd"]
[Site "Barcelona"]
[Date "2023.05.20"]
[Round "5"]
[White "Mendez Garcia, Juan Ignacio"]
[Black "Rodriguez Batuecas, Jordi"]
[Result "1-0"]
[WhiteElo "1659"]
[BlackElo "1497"]
[PlyCount "47"]
[EventDate "2023.04.22"]
[EventType "swiss"]
[EventRounds "9"]
[EventCountry "ESP"]
[SourceTitle "EXT 2024"]
[Source "ChessBase"]
[SourceDate "2023.10.10"]
[SourceVersion "1"]
[SourceVersionDate "2023.10.10"]
[SourceQuality "1"]

1. d4 Nf6 2. Nf3 d5 3. e3 e6 4. Bd3 c5 5. c3 Nc6 6. Nbd2 Bd6 7. 0-0 0-0 8. Re1 e5 9. e4 dxe4 10. Nxe4 Nxe4 11. Bxe4 cxd4 12. Bxc6 bxc6 13. cxd4 exd4 14. Qxd4 c5 15. Qe4 Ba6 16. Be3 Re8 17. Qc2 Rc8 18. Rad1 Qc7 19. Ng5 g6 20. h4 Bf4 21. Ne4 Rxe4 22. Qxe4 Be5 23. Qa4 Bb7 24. Rd7 1-0

[Event "Foment Martinenc op-B 21st"]
[Site "Barcelona"]
[Date "2019.06.22"]
[Round "9"]
[White "Mendez Garcia, Juan Ignacio"]
[Black "Aleksanyan Israelyan, Nicolas"]
[Result "0-1"]
[WhiteElo "1695"]
[BlackElo "1548"]
[PlyCount "62"]
[EventDate "2019.04.27"]
[EventType "swiss"]
[EventRounds "9"]
[EventCountry "ESP"]
[SourceTitle "EXT 2020"]
[Source "ChessBase"]
[SourceDate "2019.10.17"]
[SourceVersion "1"]
[SourceVersionDate "2019.10.17"]
[SourceQuality "1"]

1. d4 e6 2. c4 c5 3. e3 Nf6 4. Nf3 b6 5. Nc3 Bb7 6. d5 exd5 7. cxd5 d6 8. b3 a6 9. Bb2 b5 10. e4 b4 11. Nb1 Nxe4 12. Bc4 Nf6 13. 0-0 Be7 14. Re1 0-0 15. Qe2 Re8 16. Bxf6 gxf6 17. Qe4 Nd7 18. Bd3 f5 19. Qxf5 Bf6 20. Qxh7+ Kf8 21. Qh6+ Bg7 22. Qxd6+ Kg8 23. Rxe8+ Qxe8 24. Qg3 Kf8 25. Ng5 Bxa1 26. Nh7+ Ke7 27. Qg5+ f6 28. Qg7+ Kd8 29. Nd2 Bxd5 30. Bg6 Qe1+ 31. Nf1 Bd4 0-1

[Event "Cerdanyola del Valles op 24th"]
[Site "Cerdanyola del Valles"]
[Date "2016.11.19"]
[Round "7"]
[White "Vazquez Gamero, Miguel"]
[Black "Mendez Garcia, Juan Ignacio"]
[Result "1-0"]
[WhiteElo "2072"]
[BlackElo "1760"]
[PlyCount "77"]
[EventDate "2016.10.01"]
[EventType "swiss"]
[EventRounds "8"]
[EventCountry "ESP"]
[SourceTitle "EXT 2018"]
[Source "ChessBase"]
[SourceDate "2017.10.13"]
[SourceVersion "1"]
[SourceVersionDate "2017.10.13"]
[SourceQuality "1"]

1. e4 c6 2. d4 d5 3. e5 Bf5 4. Nf3 e6 5. Be2 Nd7 6. 0-0 c5 7. c3 Ne7 8. Re1 Nc6 9. Be3 Qb6 10. Qd2 cxd4 11. Nxd4 Nxd4 12. cxd4 Rc8 13. Rc1 Rc6 14. a3 Bxb1 15. Raxb1 Be7 16. Bg5 Bxg5 17. Qxg5 Qxd4 18. Qxg7 Qxe5 19. Qxe5 Nxe5 20. Bb5 Kd7 21. Bxc6+ Nxc6 22. b4 Kd6 23. Kf1 Ne5 24. Rb3 Nc4 25. Ke2 Rc8 26. Rh3 Rh8 27. Rcc3 Ne5 28. f4 Ng6 29. Rhf3 Nh4 30. Rf2 Rg8 31. Rh3 Nf5 32. Rxh7 Rc8 33. Kd3 Rc1 34. g4 Ne7 35. Rc2 Rd1+ 36. Ke2 Rd4 37. Rxf7 Ng6 38. Ke3 Re4+ 39. Kf3 1-0

[Event "Sants Hostafrancs op-C 18th"]
[Site "Barcelona"]
[Date "2016.08.19"]
[Round "1"]
[White "Mendez Garcia, Juan Ignacio"]
[Black "Fernandez, Jose Luis"]
[Result "1-0"]
[WhiteElo "1783"]
[BlackElo "1555"]
[PlyCount "64"]
[EventDate "2016.08.19"]
[EventType "swiss"]
[EventRounds "10"]
[EventCountry "ESP"]
[SourceTitle "EXT 2019"]
[Source "ChessBase"]
[SourceDate "2018.10.10"]
[SourceVersion "1"]
[SourceVersionDate "2018.10.10"]
[SourceQuality "1"]

1. d4 e6 2. c4 Bb4+ 3. Nc3 c5 4. a3 Bxc3+ 5. bxc3 Nc6 6. Nf3 d6 7. Bf4 Nge7 8. Qb3 Na5 9. Qb2 b6 10. e3 0-0 11. Bd3 Bb7 12. Rb1 Ng6 13. Bg3 f6 14. Qc2 f5 15. h4 Ba6 16. h5 Ne7 17. Ng5 Bxc4 18. Bxc4 Nxc4 19. Qa2 Nd5 20. Nxe6 Qe7 21. Nxf8 Ndxe3 22. fxe3 Qxe3+ 23. Kf1 Qd3+ 24. Kg1 Kxf8 25. Kh2 Re8 26. Rhd1 Qxc3 27. Rbc1 Qb2 28. Qxc4 Re2 29. Bxd6+ Ke8 30. Qxe2+ Qxe2 31. Re1 Qxe1 32. Rxe1+ Kd7 1-0

[Event "Llobregat Garcia Memorial 7th"]
[Site "Llobregat"]
[Date "2016.04.23"]
[Round "3"]
[White "Castro Estrella, Joan Gabriel"]
[Black "Mendez Garcia, Juan Ignacio"]
[Result "0-1"]
[WhiteElo "1605"]
[BlackElo "1779"]
[PlyCount "192"]
[EventDate "2016.04.09"]
[EventType "swiss"]
[EventRounds "9"]
[EventCountry "ESP"]
[SourceTitle "EXT 2017"]
[Source "ChessBase"]
[SourceDate "2016.10.25"]
[SourceVersion "1"]
[SourceVersionDate "2016.10.25"]
[SourceQuality "1"]

1. b4 c6 2. Bb2 Nf6 3. e3 e6 4. a3 d5 5. Nf3 Nbd7 6. Be2 Bd6 7. 0-0 c5 8. b5 c4 9. d3 cxd3 10. cxd3 Qb6 11. a4 a6 12. Nc3 axb5 13. axb5 Rxa1 14. Qxa1 0-0 15. Rd1 Ne5 16. d4 Nxf3+ 17. Bxf3 Bd7 18. Be2 Bb4 19. Qa4 Bxc3 20. Bxc3 Rc8 21. Bb2 Ne4 22. Rc1 Rxc1+ 23. Bxc1 h6 24. Bd3 Nd6 25. Ba3 Bxb5 26. Qa8+ Ne8 27. Bxb5 Qxb5 28. h3 Kh7 29. Qb8 Nf6 30. Qc7 Qd7 31. Qc2+ Kg8 32. Qd2 Ne4 33. Qd3 Qc6 34. Bb2 Qc4 35. Qa3 Qe2 36. Qa8+ Kh7 37. Qxb7 Qxf2+ 38. Kh2 Qg3+ 39. Kg1 Qxe3+ 40. Kh2 Qf4+ 41. Kg1 Ng3 42. Qb5 Ne2+ 43. Qxe2 Qf5 44. Qd1 Qe4 45. Qf1 f5 46. Kh2 Qc2 47. Ba3 Qe4 48. Qf2 Qd3 49. Bf8 Kg8 50. Bd6 Qe4 51. Qb2 f4 52. Qb8+ Kh7 53. Bxf4 Qxd4 54. Qc7 Qf6 55. Be5 Qg6 56. Bd4 Kh8 57. Qg3 Qf7 58. h4 Kh7 59. Qg4 Kh8 60. Qe2 Qf4+ 61. Kh1 Qxh4+ 62. Kg1 Qxd4+ 63. Kh1 e5 64. Qf3 Kh7 65. Qf5+ Kg8 66. Qe6+ Kf8 67. Qf5+ Ke7 68. Qc8 Kf6 69. Qf8+ Ke6 70. Qg8+ Kf6 71. Qf8+ Kg6 72. Qe8+ Kf5 73. Qf7+ Kg5 74. Qxg7+ Kh5 75. Qf7+ Kh4 76. Qf6+ Kg3 77. Qg6+ Qg4 78. Qd3+ Kf2 79. Qc2+ Qe2 80. Qf5+ Ke1 81. Qb1+ Qd1 82. Qb2 e4 83. Qc3+ Kf2+ 84. Kh2 Qh5+ 85. Qh3 Qxh3+ 86. Kxh3 e3 87. g4 e2 88. Kh4 e1Q 89. Kh5 Qe3 90. Kg6 Qg5+ 91. Kf7 d4 92. Ke6 d3 93. Kd6 d2 94. Ke6 d1Q 95. Kf7 Qd7+ 96. Kf8 Qgg7# 0-1

[Event "Llobregat Garcia Memorial 7th"]
[Site "Llobregat"]
[Date "2016.04.16"]
[Round "2"]
[White "Mendez Garcia, Juan Ignacio"]
[Black "Ysern Comas, Juan Antonio"]
[Result "1/2-1/2"]
[WhiteElo "1779"]
[BlackElo "1952"]
[PlyCount "82"]
[EventDate "2016.04.09"]
[EventType "swiss"]
[EventRounds "9"]
[EventCountry "ESP"]
[SourceTitle "EXT 2017"]
[Source "ChessBase"]
[SourceDate "2016.10.25"]
[SourceVersion "1"]
[SourceVersionDate "2016.10.25"]
[SourceQuality "1"]

1. d4 d5 2. c4 c6 3. Nf3 Nf6 4. Nc3 dxc4 5. a4 Bf5 6. Ne5 Nbd7 7. Nxc4 g6 8. Bf4 Bg7 9. Qb3 Nb6 10. Ne5 Be6 11. Qd1 0-0 12. e3 Nbd5 13. Bg5 Nxc3 14. bxc3 Ne4 15. Bf4 Nxc3 16. Qd2 Ne4 17. Qb4 Nd6 18. Bd3 Bd5 19. 0-0 Re8 20. Rab1 b6 21. Rfe1 Rc8 22. Rbc1 f6 23. Ng4 f5 24. Ne5 Ne4 25. Ba6 Rc7 26. Rc2 c5 27. dxc5 Rxc5 28. Bc4 Bxe5 29. Bxe5 Bxc4 30. Bd4 Bf7 31. Bxc5 Nxc5 32. Rd2 Qc7 33. Rc1 Rd8 34. a5 Rxd2 35. Qxd2 Qd7 36. Qxd7 Nxd7 37. Rc7 Be6 38. Rxa7 bxa5 39. Rxa5 Kf7 40. Kf1 Bc4+ 41. Ke1 Kf6 1/2-1/2

[Event "Foment Martinenc op-B 17th"]
[Site "Barcelona"]
[Date "2015.06.13"]
[Round "8"]
[White "Hernando Rodrigo, Lourdes"]
[Black "Mendez Garcia, Juan Ignacio"]
[Result "1-0"]
[WhiteElo "1879"]
[BlackElo "1964"]
[PlyCount "135"]
[EventDate "2015.04.25"]
[EventType "swiss"]
[EventRounds "9"]
[EventCountry "ESP"]
[SourceTitle "EXT 2017"]
[Source "ChessBase"]
[SourceDate "2016.10.25"]
[SourceVersion "1"]
[SourceVersionDate "2016.10.25"]
[SourceQuality "1"]

1. d4 d5 2. Nf3 Nf6 3. e3 Bg4 4. c4 c6 5. Qb3 Qc7 6. Ne5 Bf5 7. Nc3 e6 8. cxd5 Nxd5 9. Bd2 Nxc3 10. bxc3 Nd7 11. Nxd7 Qxd7 12. c4 Bd6 13. Bb4 0-0 14. Be2 a5 15. Bxd6 Qxd6 16. Bf3 Rfb8 17. g4 Bg6 18. g5 e5 19. Rd1 Qe7 20. h4 a4 21. Qc3 exd4 22. Rxd4 Rd8 23. Rf4 Rd3 24. Qc1 Rad8 25. h5 Qb4+ 26. Kf1 Rc3 27. Qe1 Bd3+ 28. Kg2 Qb2 29. Rd4 Re8 30. Qd1 Qa3 31. Qd2 g6 32. Rd1 Qe7 33. Rxd3 Qxg5+ 34. Kf1 Rxc4 35. Rd8 Rxd8 36. Qxd8+ Qxd8 37. Rxd8+ Kg7 38. hxg6 hxg6 39. Rd7 Rb4 40. Ke2 Rb2+ 41. Rd2 Rb4 42. Kd3 Kf6 43. Kc3 Rb5 44. Rb2 Rf5 45. Be4 Re5 46. f3 b5 47. Kb4 g5 48. Rg2 Ke6 49. Bxc6 Rxe3 50. Rxg5 Re2 51. Bxb5 Rb2+ 52. Kc3 a3 53. Bc4+ Kf6 54. Ra5 Rf2 55. Bd5 Ke7 56. Rxa3 f6 57. Ra8 Kd6 58. Be4 f5 59. Ra6+ Kc7 60. Ba8 Rf1 61. Ra3 Rf2 62. Kd4 Re2 63. Bd5 Kd6 64. Bg8 Re8 65. Bh7 f4 66. Ra6+ Ke7 67. Ke5 Rf8 68. Ra7+ 1-0

[Event "Foment Martinenc op-B 17th"]
[Site "Barcelona"]
[Date "2015.05.30"]
[Round "6"]
[White "Mendez Garcia, Juan Ignacio"]
[Black "Catala Ulied, Bernat"]
[Result "1/2-1/2"]
[WhiteElo "1964"]
[BlackElo "1965"]
[PlyCount "39"]
[EventDate "2015.04.25"]
[EventType "swiss"]
[EventRounds "9"]
[EventCountry "ESP"]
[SourceTitle "EXT 2017"]
[Source "ChessBase"]
[SourceDate "2016.10.25"]
[SourceVersion "1"]
[SourceVersionDate "2016.10.25"]
[SourceQuality "1"]

1. d4 Nf6 2. Nf3 g6 3. g3 Bg7 4. Bg2 0-0 5. b3 c5 6. Bb2 b6 7. c4 e6 8. Nc3 d5 9. e3 Bb7 10. cxd5 Nxd5 11. 0-0 Qc7 12. Rc1 Rd8 13. Re1 Nc6 14. Qe2 cxd4 15. Nb5 Qe7 16. Nbxd4 Nxd4 17. Bxd4 Rac8 18. Bxg7 Kxg7 19. Qb2+ Kg8 20. a3 1/2-1/2

[Event "Foment Martinenc op-B 16th"]
[Site "Barcelona"]
[Date "2014.06.07"]
[Round "7"]
[White "Diaz Nieto, Alberto"]
[Black "Mendez Garcia, Juan Ignacio"]
[Result "1-0"]
[WhiteElo "2043"]
[BlackElo "1949"]
[PlyCount "47"]
[EventDate "2014.04.26"]
[EventType "swiss"]
[EventRounds "9"]
[EventCountry "ESP"]
[SourceTitle "EXT 2015"]
[Source "ChessBase"]
[SourceDate "2014.11.20"]
[SourceVersion "1"]
[SourceVersionDate "2014.11.20"]
[SourceQuality "1"]

1. d4 d5 2. c4 e6 3. Nc3 Nf6 4. Bg5 Nbd7 5. cxd5 exd5 6. e3 c6 7. Bd3 Be7 8. Nf3 Ne4 9. Bxe7 Qxe7 10. Qc2 Ndf6 11. Ne5 0-0 12. 0-0 c5 13. Nxd5 Nxd5 14. Bxe4 cxd4 15. Bxh7+ Kh8 16. exd4 Qh4 17. Be4 Nb4 18. Qe2 Rb8 19. f4 b6 20. a3 Na6 21. f5 Nc7 22. Rf3 Ba6 23. Qe3 Kg8 24. f6 1-0

[Event "Foment Martinenc op-B 16th"]
[Site "Barcelona"]
[Date "2014.05.24"]
[Round "5"]
[White "Gonzalez Martin, Fernando"]
[Black "Mendez Garcia, Juan Ignacio"]
[Result "0-1"]
[WhiteElo "2055"]
[BlackElo "1949"]
[PlyCount "72"]
[EventDate "2014.04.26"]
[EventType "swiss"]
[EventRounds "9"]
[EventCountry "ESP"]
[SourceTitle "EXT 2015"]
[Source "ChessBase"]
[SourceDate "2014.11.20"]
[SourceVersion "1"]
[SourceVersionDate "2014.11.20"]
[SourceQuality "1"]

1. d4 b6 2. Bf4 Bb7 3. e3 Nf6 4. h3 e6 5. Nf3 Bb4+ 6. c3 Be7 7. Bd3 d6 8. 0-0 Nbd7 9. Bc2 0-0 10. Nbd2 Rc8 11. a4 a5 12. Re1 c5 13. e4 Re8 14. Bh2 Nb8 15. e5 dxe5 16. dxe5 Nd5 17. Qe2 Ba6 18. Qe4 g6 19. Rad1 Bb7 20. Qc4 Ba6 21. Qg4 Nd7 22. h4 Bf8 23. h5 f5 24. exf6 N7xf6 25. Qh3 Nxh5 26. Rxe6 Ndf4 27. Bxf4 Nxf4 28. Qg4 Nxe6 29. Bb3 Qe7 30. Bd5 Bb7 31. Bc4 Rcd8 32. Re1 Bc8 33. Ng5 Rxd2 34. Nxe6 Kh8 35. Qf4 Bxe6 36. Qxd2 Qd7 0-1

[Event "Foment Martinenc op-B 16th"]
[Site "Barcelona"]
[Date "2014.05.10"]
[Round "3"]
[White "Mendez Garcia, Juan Ignacio"]
[Black "Pera Muntasell, Marc"]
[Result "1/2-1/2"]
[WhiteElo "1949"]
[BlackElo "1876"]
[PlyCount "45"]
[EventDate "2014.04.26"]
[EventType "swiss"]
[EventRounds "9"]
[EventCountry "ESP"]
[SourceTitle "EXT 2015"]
[Source "ChessBase"]
[SourceDate "2014.11.20"]
[SourceVersion "1"]
[SourceVersionDate "2014.11.20"]
[SourceQuality "1"]

1. d4 d5 2. c4 e6 3. Nc3 Nf6 4. Bg5 Nbd7 5. e3 Be7 6. Nf3 0-0 7. Bd3 b6 8. Rc1 Bb7 9. cxd5 exd5 10. 0-0 c5 11. Re1 Ne4 12. Bxe7 Qxe7 13. b3 Rac8 14. Qe2 Ndf6 15. Ba6 Rfd8 16. Bxb7 Qxb7 17. Nxe4 Nxe4 18. Ne5 cxd4 19. exd4 Rxc1 20. Rxc1 Rc8 21. Qb2 f6 22. Nf3 a5 23. a4 1/2-1/2

[Event "Foment Martinenc op-B 15th"]
[Site "Barcelona"]
[Date "2013.05.11"]
[Round "4"]
[White "Mendez Garcia, Juan Ignacio"]
[Black "Lopez Mayoral, Miguel Angel"]
[Result "1-0"]
[WhiteElo "1770"]
[BlackElo "1645"]
[PlyCount "61"]
[EventDate "2013.04.20"]
[EventType "swiss"]
[EventRounds "9"]
[EventCountry "ESP"]
[SourceTitle "CBM 154 Extra"]
[Source "ChessBase"]
[SourceDate "2013.06.25"]
[SourceVersion "2"]
[SourceVersionDate "2013.06.25"]
[SourceQuality "1"]

1. d4 e6 2. c4 d5 3. Nc3 b6 4. cxd5 exd5 5. Bf4 Qd7 6. Rc1 Bb4 7. Qb3 Nc6 8. e3 Nge7 9. Nf3 0-0 10. Bb5 a6 11. Ne5 Qe6 12. Bxc6 Nxc6 13. Nxc6 Qxc6 14. Qxb4 a5 15. Qb5 Qg6 16. Qxd5 Ba6 17. Qe4 Qh5 18. Qf3 Qg6 19. a4 Rfe8 20. Nb5 Qd3 21. Qe2 Qe4 22. f3 Qg6 23. Qc2 Qf6 24. 0-0 Rac8 25. Rfe1 Re7 26. Qf2 c6 27. Nd6 Rd8 28. Rxc6 Re6 29. Ne4 Qg6 30. Rxe6 Qxe6 31. Qh4 1-0

[Event "Foment Martinenc op-B 15th"]
[Site "Barcelona"]
[Date "2013.05.04"]
[Round "3"]
[White "Aparicio Escudero, Hector F"]
[Black "Mendez Garcia, Juan Ignacio"]
[Result "1/2-1/2"]
[WhiteElo "1731"]
[BlackElo "1770"]
[PlyCount "78"]
[EventDate "2013.04.20"]
[EventType "swiss"]
[EventRounds "9"]
[EventCountry "ESP"]
[SourceTitle "CBM 154 Extra"]
[Source "ChessBase"]
[SourceDate "2013.06.25"]
[SourceVersion "2"]
[SourceVersionDate "2013.06.25"]
[SourceQuality "1"]

1. e4 c6 2. d4 d5 3. Nc3 dxe4 4. Nxe4 Bf5 5. Ng3 Bg6 6. N1e2 h6 7. Nf4 Bh7 8. Bc4 Nf6 9. 0-0 e6 10. Qe2 Nd5 11. Re1 Be7 12. Ngh5 Nxf4 13. Bxf4 0-0 14. Be5 Bg6 15. Nxg7 Nd7 16. Nh5 Nxe5 17. dxe5 Qd4 18. Rad1 Qh4 19. Ng3 Rfd8 20. Bb3 Bc5 21. Rxd8+ Rxd8 22. Rd1 Rxd1+ 23. Qxd1 Qd4 24. Qxd4 Bxd4 25. Kf1 Bxe5 26. c3 Kf8 27. Ne2 Ke7 28. f4 Bd6 29. g3 Bd3 30. Kf2 Kf6 31. Nd4 Bc5 32. Ke3 Bf5 33. Kf3 h5 34. Nxf5 Kxf5 35. Bc2+ Kf6 36. Ke4 Bg1 37. h3 Bf2 38. g4 hxg4 39. hxg4 c5 1/2-1/2

[Event "Foment Martinenc op-B 15th"]
[Site "Barcelona"]
[Date "2013.04.27"]
[Round "2"]
[White "Mendez Garcia, Juan Ignacio"]
[Black "Alvarez, Yasmell"]
[Result "1-0"]
[WhiteElo "1770"]
[BlackElo "1557"]
[PlyCount "27"]
[EventDate "2013.04.20"]
[EventType "swiss"]
[EventRounds "9"]
[EventCountry "ESP"]
[SourceTitle "CBM 154 Extra"]
[Source "ChessBase"]
[SourceDate "2013.06.25"]
[SourceVersion "2"]
[SourceVersionDate "2013.06.25"]
[SourceQuality "1"]

1. d4 d5 2. c4 dxc4 3. e3 e5 4. Bxc4 exd4 5. exd4 Nf6 6. Qb3 Qe7+ 7. Kf1 c6 8. a4 Nbd7 9. a5 g6 10. Nf3 Bg7 11. Bd2 Bf8 12. Nc3 Kd8 13. Bf4 Qb4 14. Ng5 1-0

[Event "Llobregat op 3rd"]
[Site "Llobregat"]
[Date "2011.05.21"]
[Round "7"]
[White "Mendez Garcia, Juan Ignacio"]
[Black "Molina Peris, Cristian"]
[Result "0-1"]
[WhiteElo "1778"]
[BlackElo "1951"]
[PlyCount "50"]
[EventDate "2011.04.02"]
[EventType "swiss"]
[EventRounds "7"]
[EventCountry "ESP"]
[SourceTitle "CBM 142 Extra"]
[Source "ChessBase"]
[SourceDate "2011.06.27"]
[SourceVersion "1"]
[SourceVersionDate "2011.06.27"]
[SourceQuality "1"]

1. d4 e6 2. c4 d5 3. Nc3 Nf6 4. Bg5 Be7 5. e3 Nbd7 6. Nf3 c5 7. dxc5 Qa5 8. a3 Ne4 9. Bxe7 Nxc3 10. Qd2 Kxe7 11. cxd5 Qxc5 12. Qxc3 Qxc3+ 13. bxc3 exd5 14. Rd1 Nf6 15. Nd4 Bd7 16. Bd3 Rhc8 17. Rc1 Ne4 18. Ne2 Nc5 19. Bb1 Rc7 20. Nf4 Be6 21. Rd1 Na4 22. Nxd5+ Bxd5 23. Rxd5 Nxc3 24. Rd3 Nxb1 25. Ke2 Rc2+ 0-1

[Event "Cerdanyola del Valles op 28th"]
[Site "Cerdanyola del Valles"]
[Date "2010.10.30"]
[Round "5"]
[White "Mendez Garcia, Juan Ignacio"]
[Black "Alonso Rodriguez, Francisco Javier"]
[Result "1-0"]
[WhiteElo "1766"]
[BlackElo "1621"]
[PlyCount "33"]
[EventDate "2010.10.02"]
[EventType "swiss"]
[EventRounds "7"]
[EventCountry "ESP"]
[SourceTitle "EXT 2012"]
[Source "ChessBase"]
[SourceDate "2011.11.24"]
[SourceVersion "1"]
[SourceVersionDate "2011.11.24"]
[SourceQuality "1"]

1. d4 d5 2. c4 dxc4 3. e3 e5 4. Bxc4 exd4 5. exd4 Bb4+ 6. Nc3 Bd7 7. Bxf7+ Kxf7 8. Qb3+ Be6 9. Qxb4 Qe7 10. Qxe7+ Nxe7 11. Nf3 Rf8 12. Ng5+ Kf6 13. Nxh7+ Kf7 14. Nxf8 Kxf8 15. 0-0 c6 16. Re1 Kf7 17. Ne4 1-0

[Event "Barcelona Escacs CC tt"]
[Site "Barcelona"]
[Date "2007.05.05"]
[Round "4"]
[White "Pacheco Bubi, Rafael"]
[Black "Mendez Garcia, Juan Ignacio"]
[Result "1-0"]
[WhiteElo "1890"]
[BlackElo "1764"]
[PlyCount "41"]
[EventDate "2007.04.14"]
[EventType "team-tourn"]
[EventRounds "7"]
[EventCountry "ESP"]
[SourceTitle "EXT 2009"]
[Source "ChessBase"]
[SourceDate "2008.11.26"]
[SourceVersion "1"]
[SourceVersionDate "2008.11.26"]
[SourceQuality "1"]

1. e4 c6 2. Nc3 d5 3. Nf3 Bg4 4. h3 Bh5 5. exd5 cxd5 6. g4 Bg6 7. Ne5 Nc6 8. Bb5 Qc7 9. d4 e6 10. Qe2 Nf6 11. h4 0-0-0 12. Bxc6 bxc6 13. h5 Be4 14. f3 Bb4 15. fxe4 Nxe4 16. Qa6+ Kb8 17. Qxc6 f6 18. Qxc7+ Kxc7 19. Nf7 Nxc3 20. Nxd8 Ne4+ 21. c3 1-0